00646cam a2200205 a 4500001000700000003000500007005001700012008004100029010001700070020001900087040001800106050001900124082002200143100002400165245007700189260004700266300002500313504006600338650003600404708386NUST20170608100413.0970602s1997 nyu b 001 0 eng  a 97017808  a9780801484575  aDLCcDLCdDLC00aJA71b.V3 199700a320221bVAN 19971 aVan Evera, Stephen.10aGuide to methods for students of political science /cStephen Van Evera. aIthaca :bCornell University Press,c1997. avi, 136 p. ;c21 cm. aIncludes bibliographical references (p. [129]-133) and index. 0aPolitical sciencexMethodology.